000
00325 a2200109 4500
001
ART_46339
005
20260410161808.0
008
260409a
245
1
0
_a
¿Se podría haber concursado Al Capone?
100
1
_a
Vaiser, Lidia
773
0
_t
Doctrina Societaria y Concursal
_g
- N°366 (mayo 2018)
_w
REV4298
999
_c
21235
_d
21235